Piłka nożna - PSG - transfery - Statystyki

Ogólne statystyki
  • Ten quiz został rozwiązany 118 razy
  • Średni wynik to 9 z 15
Statystyki odpowiedzi
miejsce kwota sezon klub oddający zawodnik % Poprawnych
1. 222 mln € 17/18 FC Barcelona Neymar
99%
2. 180,00 mln € 18/19 AS Monaco Kylian Mbappe
98%
11. 50,00 mln € 23/24 FC Barcelona Ousmane Dembele
84%
4. 70,00 mln € 24/25 SSC Napoli Kvicha Kvaratskhelia
80%
3. 95,00 mln € 23/24 Eintracht Frankfurt Randal Kolo Muani
69%
5. 68,00 mln € 21/22 Inter Mediolan Achraf Hakimi
65%
10. 59,92 mln € 24/25 SL Benfica Joao Neves
64%
7. 64,50 mln € 13/14 SSC Napoli Edinson Cavani
61%
13. 50,00 mln € 24/25 Rennes Desire Doue
60%
6. 65,00 mln € 23/24 SL Benfica Goncalo Ramos
59%
8. 63,00 mln € 15/16 Manchester United Angel Di Maria
55%
15. 45,00 mln € 23/24 Bayern Monachium Lucas Hernandez
48%
14. 49,50 mln € 14/15 Chelsea FC David Luiz
43%
12. 50,00 mln € 20/21 Inter Mediolan Mauro Icardi
31%
9. 60,00 mln € 23/24 Sporting CP Manuel Ugarte
18%
Nie znaleziono quizów pasujących do podanych kryteriów
Rozkład punktacji
Procent ludzi z każdym wynikiem
Percentyl według liczby udzielonych odpowiedzi
Twoja historia wyników
Nie rozwiązałeś tego quizu